书目信息 |
| 题名: |
PCDIY 2000电脑选购·组装·维护
|
|
| 作者: | ;施威铭研究室 著 ;楚天工作室 改编 | |
| 分册: | ||
| 出版信息: | 北京 人民邮电出版社 1999 |
|
| 页数: | 488页 | |
| 开本: | 26cm | |
| 丛书名: | 旗标系列图书 | |
| 单 册: | ||
| 中图分类: | TP305 | |
| 科图分类: | ||
| 主题词: | 电子计算机--装配 | |
| 电子资源: | ||
| ISBN: | 7-115-08315-0 | |
| 000 | 00839nam0 2200253 450 | |
| 001 | 0551131421 | |
| 005 | 20051108141822.03 | |
| 010 | @a7-115-08315-0@dCNY49.00 | |
| 092 | @aCN | |
| 100 | @a20051108d1999 km y0chiy0120 ea | |
| 101 | 0 | @achi |
| 102 | @aCN@b110000 | |
| 105 | @a a z 000yy | |
| 200 | 1 | @aPCDIY 2000电脑选购·组装·维护@APCDIY 2000 dian nao xuan gou·zu zhuang·wei hu@f施威铭研究室著@Fshi wei ming yan jiu shi zhu@g楚天工作室改编@Gchu tian gong zuo shi gai bian |
| 210 | @a北京@c人民邮电出版社@d1999 | |
| 215 | 1 | @a488页@c图@d26cm |
| 225 | @a旗标系列图书 | |
| 461 | 0 | @12001 @a旗标系列图书 |
| 606 | 0 | @a电子计算机@x装配 |
| 690 | @aTP305@v4 | |
| 711 | 0 | @a施威铭研究室@Ashi wei ming yan jiu shi@4著 |
| 712 | 0 | @a楚天工作室@Achu tian gong zuo shi@4改编 |
| 801 | 0 | @aCN@bPFT@c20051108 |
| 905 | @a10447@dTP305@e321 | |
| PCDIY 2000电脑选购·组装·维护/施威铭研究室著/楚天工作室改编.-北京:人民邮电出版社,1999 |
| 488页:图;26cm.-(旗标系列图书) |
| ISBN 7-115-08315-0:CNY49.00 |
| ● |
| 相关链接 |
|
|
|
|
正题名:PCDIY 2000电脑选购·组装·维护
索取号:TP305/321
 
预约/预借
| 序号 | 登录号 | 条形码 | 馆藏地/架位号 | 状态 | 备注 |
| 1 | 0337835 | 203378353 | 第二样本阅览室/ [索取号:TP305/321] | 在馆 |